000
00251nam a22001097a 4500
008
140526t xxu||||| |||| 00| 0 eng d
100
_a
George R. Pettit
_9
880
245
_a
Synthetic Peptides
300
_a
190
440
_v
volume 2
_9
881
942
_2
ddc
_c
BK
999
_c
17121
_d
17121